000 00432pab a2200145 454500
008 180718b2006 xxu||||| |||| 00| 0 eng d
100 _aBatley, Richard
245 _aEngaged or divorced? Cross-service findings on government relations with non-state service-providers
260 _c2006
300 _ap.241-51.
362 _aAug
650 _aPublic utilities
773 _aPublic Administration and Development
909 _a70860
999 _c70860
_d70860